[Event "EUYCC 2025 - U14"]
[Site "?"]
[Date "2025.08.21"]
[Round "3.12"]
[White "Polackova, Eva"]
[Black "Stricova, Julia Nela"]
[Result "1-0"]
[BlackElo "1675"]
[WhiteElo "1640"]
[LiveChessVersion "1.4.8"]

1. d4 {[%clk 1:30:56]} d5 {[%clk 1:30:57]} 2. Nf3 {[%clk 1:31:11]} Nf6
{[%clk 1:31:20]} 3. e3 {[%clk 1:31:21]} e6 {[%clk 1:31:10]} 4. Bd3
{[%clk 1:30:51]} c5 {[%clk 1:31:04]} 5. c3 {[%clk 1:30:29]} Nc6 {[%clk 1:30:58]}
6. Nbd2 {[%clk 1:29:08]} cxd4 {[%clk 1:30:42]} 7. exd4 {[%clk 1:27:37]} Bd6
{[%clk 1:30:19]} 8. O-O {[%clk 1:25:26]} O-O {[%clk 1:29:58]} 9. Re1
{[%clk 1:23:06]} Qc7 {[%clk 1:28:10]} 10. Nf1 {[%clk 1:13:52]} h6
{[%clk 1:26:36]} 11. Bd2 {[%clk 1:07:44]} b6 {[%clk 1:22:35]} 12. Rc1
{[%clk 1:03:43]} Bb7 {[%clk 1:21:41]} 13. Bb1 {[%clk 1:00:55]} Rac8
{[%clk 1:19:57]} 14. Qc2 {[%clk 0:58:24]} Rfe8 {[%clk 1:17:36]} 15. Be3
{[%clk 0:51:00]} a6 {[%clk 1:12:43]} 16. h3 {[%clk 0:46:15]} Ba8 {[%clk 1:07:10]}
17. Qe2 {[%clk 0:39:13]} Bb7 {[%clk 1:06:37]} 18. Bd3 {[%clk 0:39:09]} Ra8
{[%clk 1:02:06]} 19. N1d2 {[%clk 0:37:16]} Rec8 {[%clk 0:58:09]} 20. Nb3
{[%clk 0:30:24]} Nd7 {[%clk 0:55:59]} 21. Nfd2 {[%clk 0:26:49]} Qd8
{[%clk 0:53:23]} 22. f4 {[%clk 0:26:03]} Qh4 {[%clk 0:50:39]} 23. Rf1
{[%clk 0:23:48]} Nf6 {[%clk 0:44:47]} 24. Nf3 {[%clk 0:18:52]} Qg3
{[%clk 0:39:38]} 25. Ne5 {[%clk 0:18:51]} Bxe5 {[%clk 0:37:52]} 26. fxe5
{[%clk 0:18:57]} Nd7 {[%clk 0:37:19]} 27. Rf3 {[%clk 0:18:07]} Qh4
{[%clk 0:37:27]} 28. Bf2 {[%clk 0:18:22]} Qe7 {[%clk 0:37:12]} 29. Rg3
{[%clk 0:17:59]} Qf8 {[%clk 0:30:04]} 30. Be3 {[%clk 0:15:37]} Kh8
{[%clk 0:30:02]} 31. Qh5 {[%clk 0:14:46]} Rc7 {[%clk 0:27:41]} 32. Rf1
{[%clk 0:14:07]} Ndb8 {[%clk 0:27:21]} 33. Bg6 {[%clk 0:12:52]} Nd8
{[%clk 0:26:56]} 34. Rgf3 {[%clk 0:12:49]} Kg8 {[%clk 0:25:48]} 35. g4
{[%clk 0:13:05]} Qe8 {[%clk 0:24:36]} 36. Bb1 {[%clk 0:13:05]} Kf8
{[%clk 0:23:21]} 37. g5 {[%clk 0:13:17]} Ke7 {[%clk 0:22:24]} 38. gxh6
{[%clk 0:13:31]} gxh6 {[%clk 0:22:37]} 39. Qxh6 {[%clk 0:13:49]} Kd7
{[%clk 0:22:23]} 40. Qg7 {[%clk 0:12:56]} Kc8 {[%clk 0:22:13]} 41. Rg3
{[%clk 0:12:48]} Nbc6 {[%clk 0:21:29]} 42. Qg8 {[%clk 0:12:52]} Re7
{[%clk 0:20:21]} 43. Qxe8 {[%clk 0:13:03]} Rxe8 {[%clk 0:20:50]} 44. h4
{[%clk 0:13:21]} Na7 {[%clk 0:18:44]} 45. h5 {[%clk 0:13:32]} Rh8
{[%clk 0:18:53]} 46. h6 {[%clk 0:13:52]} Kd7 {[%clk 0:18:21]} 47. h7
{[%clk 0:13:52]} Ke7 {[%clk 0:17:30]} 48. Rg8 {[%clk 0:14:11]} Ndc6
{[%clk 0:17:51]} 49. Bg5+ {[%clk 0:14:37]} Kd7 {[%clk 0:18:02]} 50. Rxf7+
{[%clk 0:14:59]} Ne7 {[%clk 0:18:16]} 51. Rxe7+ {[%clk 0:15:18]} Kc6
{[%clk 0:18:37]} 52. Rxh8 {[%clk 0:15:39]} Rxh8 {[%clk 0:18:59]} 53. Bf6
{[%clk 0:16:03]} 1-0

[Event "EUYCC 2025 - U14"]
[Site "?"]
[Date "2025.08.22"]
[Round "4.1"]
[White "Diachek, Andrii"]
[Black "Bundan, Edward"]
[Result "1-0"]
[BlackElo "1976"]
[WhiteElo "2223"]
[LiveChessVersion "1.4.8"]

1. e4 {[%clk 1:30:57]} c5 {[%clk 1:30:53]} 2. Nf3 {[%clk 1:31:24]} Nc6
{[%clk 1:31:17]} 3. Bb5 {[%clk 1:31:49]} g6 {[%clk 1:31:41]} 4. Bxc6
{[%clk 1:31:52]} dxc6 {[%clk 1:31:42]} 5. d3 {[%clk 1:31:53]} Bg7
{[%clk 1:31:58]} 6. h3 {[%clk 1:31:55]} e5 {[%clk 1:31:54]} 7. Be3
{[%clk 1:27:59]} b6 {[%clk 1:32:04]} 8. a4 {[%clk 1:23:36]} a5 {[%clk 1:31:58]}
9. Na3 {[%clk 1:23:10]} Ne7 {[%clk 1:30:42]} 10. Nc4 {[%clk 1:22:56]} Qc7
{[%clk 1:30:47]} 11. b4 {[%clk 1:14:05]} axb4 {[%clk 1:16:53]} 12. a5
{[%clk 1:14:26]} b5 {[%clk 1:14:07]} 13. Nb6 {[%clk 1:14:29]} Rxa5
{[%clk 1:12:04]} 14. Rxa5 {[%clk 1:10:30]} Qxb6 {[%clk 1:12:28]} 15. Qa1
{[%clk 1:10:39]} O-O {[%clk 1:10:16]} 16. Nd2 {[%clk 1:08:07]} Rd8
{[%clk 0:43:55]} 17. Ra8 {[%clk 0:55:01]} Rd7 {[%clk 0:30:04]} 18. Nb3
{[%clk 0:51:54]} Rd4 {[%clk 0:27:22]} 19. Qa7 {[%clk 0:50:52]} Qd8
{[%clk 0:22:54]} 20. Nxd4 {[%clk 0:49:21]} cxd4 {[%clk 0:22:39]} 21. Qxe7 1-0

[Event "EUYCC 2025 - U14"]
[Site "?"]
[Date "2025.08.22"]
[Round "4.2"]
[White "Komarek, Tobias"]
[Black "Petroff, Vlad"]
[Result "0-1"]
[BlackElo "2081"]
[WhiteElo "1897"]
[LiveChessVersion "1.4.8"]

1. b3 {[%clk 1:30:50]} d5 {[%clk 1:30:50]} 2. Bb2 {[%clk 1:31:14]} Bg4
{[%clk 1:31:07]} 3. h3 {[%clk 1:31:33]} Bh5 {[%clk 1:31:17]} 4. g4
{[%clk 1:31:56]} Bg6 {[%clk 1:31:36]} 5. Bg2 {[%clk 1:32:21]} Nc6
{[%clk 1:31:02]} 6. e3 {[%clk 1:31:18]} h5 {[%clk 1:30:01]} 7. g5
{[%clk 1:30:03]} h4 {[%clk 1:30:01]} 8. Nc3 {[%clk 1:17:50]} e6 {[%clk 1:21:39]}
9. f4 {[%clk 1:14:48]} Nge7 {[%clk 1:18:10]} 10. Nf3 {[%clk 0:43:44]} Nf5
{[%clk 1:14:55]} 11. Ne2 {[%clk 0:29:50]} Bc5 {[%clk 0:57:55]} 12. Nfd4
{[%clk 0:19:30]} Ncxd4 {[%clk 0:54:18]} 13. Bxd4 {[%clk 0:19:35]} Nxd4
{[%clk 0:41:04]} 14. Nxd4 {[%clk 0:18:42]} e5 {[%clk 0:33:03]} 15. Nb5
{[%clk 0:09:04]} c6 {[%clk 0:31:49]} 16. Nc3 {[%clk 0:08:57]} exf4
{[%clk 0:32:12]} 17. exf4 {[%clk 0:07:33]} O-O {[%clk 0:32:29]} 18. d4
{[%clk 0:06:16]} Bb4 {[%clk 0:32:50]} 19. Kd2 {[%clk 0:05:51]} Qa5
{[%clk 0:33:06]} 20. Qf3 {[%clk 0:06:03]} Be4 {[%clk 0:33:26]} 21. Qe3
{[%clk 0:05:30]} Bxg2 {[%clk 0:33:50]} 22. Rhe1 {[%clk 0:05:53]} Bxc3+
{[%clk 0:33:50]} 0-1

[Event "EUYCC 2025 - U14"]
[Site "?"]
[Date "2025.08.22"]
[Round "4.3"]
[White "Matejka, Simon"]
[Black "Pogorelskiy, Boris"]
[Result "1/2-1/2"]
[BlackElo "1978"]
[WhiteElo "1950"]
[LiveChessVersion "1.4.8"]

1. e4 {[%clk 1:30:53]} c5 {[%clk 1:30:58]} 2. Nf3 {[%clk 1:31:00]} e6
{[%clk 1:31:25]} 3. d4 {[%clk 1:30:59]} cxd4 {[%clk 1:31:50]} 4. Nxd4
{[%clk 1:31:25]} a6 {[%clk 1:32:18]} 5. Bd3 {[%clk 1:30:50]} Bc5 {[%clk 1:32:43]}
6. Nb3 {[%clk 1:30:31]} Ba7 {[%clk 1:33:10]} 7. Qg4 {[%clk 1:28:24]} Qf6
{[%clk 1:21:40]} 8. f4 {[%clk 1:23:21]} Nh6 {[%clk 1:13:12]} 9. Qh3
{[%clk 1:17:18]} Qg6 {[%clk 1:11:10]} 10. Nc3 {[%clk 1:15:45]} Qg4
{[%clk 1:10:09]} 11. Qxg4 {[%clk 1:14:27]} Nxg4 {[%clk 1:10:33]} 12. h3
{[%clk 1:09:47]} Nf2 {[%clk 1:03:59]} 13. Rf1 {[%clk 1:10:07]} Nxd3+
{[%clk 1:04:26]} 14. cxd3 {[%clk 1:10:30]} d6 {[%clk 1:02:17]} 15. Ke2
{[%clk 1:10:00]} b5 {[%clk 1:01:49]} 16. Be3 {[%clk 1:06:56]} Nc6
{[%clk 1:00:44]} 17. Bxa7 {[%clk 1:01:08]} Rxa7 {[%clk 1:00:44]} 18. Ke3
{[%clk 1:00:46]} Bd7 {[%clk 0:56:43]} 19. Rac1 {[%clk 0:58:23]} Ke7
{[%clk 0:48:55]} 20. d4 {[%clk 0:55:07]} Rc8 {[%clk 0:45:44]} 21. d5
{[%clk 0:50:35]} Nd8 {[%clk 0:45:34]} 22. Na5 {[%clk 0:44:30]} Nb7
{[%clk 0:36:58]} 23. Nxb7 {[%clk 0:42:18]} Rxb7 {[%clk 0:37:07]} 24. Ne2
{[%clk 0:42:24]} Rc5 {[%clk 0:34:36]} 25. b4 {[%clk 0:39:11]} Rcc7
{[%clk 0:34:24]} 26. Rxc7 {[%clk 0:36:19]} Rxc7 {[%clk 0:34:52]} 27. Rc1
{[%clk 0:36:25]} Ra7 {[%clk 0:34:58]} 28. Rc3 {[%clk 0:30:49]} f6
{[%clk 0:32:49]} 29. h4 {[%clk 0:25:09]} e5 {[%clk 0:32:17]} 30. f5
{[%clk 0:24:38]} a5 {[%clk 0:29:11]} 31. Ra3 {[%clk 0:24:46]} a4 {[%clk 0:29:38]}
32. Rc3 {[%clk 0:23:41]} Ra8 {[%clk 0:27:34]} 33. g4 1/2-1/2

[Event "EUYCC 2025 - U14"]
[Site "?"]
[Date "2025.08.22"]
[Round "4.4"]
[White "Janouskova, Eliska"]
[Black "Kostov, Rubin"]
[Result "1/2-1/2"]
[BlackElo "1621"]
[WhiteElo "1748"]
[LiveChessVersion "1.4.8"]

1. e4 {[%clk 1:30:57]} d5 {[%clk 1:30:56]} 2. exd5 {[%clk 1:31:12]} Qxd5
{[%clk 1:31:21]} 3. Nc3 {[%clk 1:31:35]} Qa5 {[%clk 1:31:44]} 4. Bc4
{[%clk 1:31:40]} Nf6 {[%clk 1:32:01]} 5. d3 {[%clk 1:31:49]} Bf5 {[%clk 1:32:22]}
6. Bd2 {[%clk 1:32:11]} c6 {[%clk 1:32:44]} 7. Nd5 {[%clk 1:31:50]} Qd8
{[%clk 1:33:00]} 8. Nxf6+ {[%clk 1:32:12]} exf6 {[%clk 1:33:22]} 9. Qf3
{[%clk 1:31:39]} Bg6 {[%clk 1:20:16]} 10. O-O-O {[%clk 1:30:13]} Be7
{[%clk 1:20:15]} 11. Re1 {[%clk 1:25:51]} O-O {[%clk 1:19:38]} 12. h4
{[%clk 1:24:17]} h6 {[%clk 1:19:12]} 13. Nh3 {[%clk 1:18:32]} f5 {[%clk 0:54:42]}
14. Nf4 {[%clk 1:11:18]} Bh7 {[%clk 0:52:32]} 15. h5 {[%clk 1:00:11]} Bg5
{[%clk 0:49:40]} 16. Re2 {[%clk 0:47:55]} Nd7 {[%clk 0:46:08]} 17. Ng6
{[%clk 0:40:06]} Bxd2+ {[%clk 0:39:47]} 18. Kxd2 {[%clk 0:35:14]} Bxg6
{[%clk 0:39:31]} 19. hxg6 {[%clk 0:34:54]} Qg5+ {[%clk 0:39:52]} 20. Kd1
{[%clk 0:34:57]} Qxg6 {[%clk 0:39:45]} 21. Rh5 {[%clk 0:31:10]} f4
{[%clk 0:35:54]} 22. Rh4 {[%clk 0:29:06]} Qd6 {[%clk 0:34:08]} 23. Qxf4
{[%clk 0:26:46]} Qxf4 {[%clk 0:31:47]} 24. Rxf4 {[%clk 0:23:05]} b5
{[%clk 0:30:30]} 25. Bb3 {[%clk 0:23:12]} Nc5 {[%clk 0:30:50]} 26. Re7
{[%clk 0:22:45]} Nxb3 {[%clk 0:29:31]} 27. axb3 {[%clk 0:23:09]} a5
{[%clk 0:28:32]} 28. f3 {[%clk 0:20:23]} a4 {[%clk 0:24:36]} 29. bxa4
{[%clk 0:20:32]} bxa4 {[%clk 0:24:59]} 30. Rc7 {[%clk 0:20:45]} a3
{[%clk 0:25:13]} 31. bxa3 {[%clk 0:21:02]} Rxa3 {[%clk 0:25:38]} 32. Rxc6
{[%clk 0:21:25]} Ra1+ {[%clk 0:25:57]} 33. Kd2 {[%clk 0:20:48]} Rg1
{[%clk 0:26:17]} 34. Rg4 {[%clk 0:18:38]} Re8 {[%clk 0:24:51]} 35. Rxh6
{[%clk 0:17:19]} Rge1 36. Rb6 R8e2+ {[%clk 0:21:48]} 37. Kc3 {[%clk 0:17:45]} Rf1
{[%clk 0:19:46]} 38. Rf4 {[%clk 0:13:17]} Rff2 {[%clk 0:18:11]} 39. Rb8+
{[%clk 0:11:42]} Kh7 {[%clk 0:18:32]} 40. Rxf7 {[%clk 0:11:37]} Rxc2+
{[%clk 0:18:54]} 41. Kd4 {[%clk 0:12:01]} Rxg2 {[%clk 0:19:08]} 42. Kd5
{[%clk 0:10:50]} Rg5+ {[%clk 0:18:44]} 43. Ke4 {[%clk 0:09:25]} Ra2
{[%clk 0:16:38]} 44. Rd8 {[%clk 0:05:11]} Raa5 {[%clk 0:07:32]} 45. Re7
{[%clk 0:03:54]} Rgf5 {[%clk 0:04:12]} 1/2-1/2

[Event "EUYCC 2025 - U14"]
[Site "?"]
[Date "2025.08.22"]
[Round "4.5"]
[White "Mojzisova, Barbora"]
[Black "Malureanu, Andrei"]
[Result "1/2-1/2"]
[BlackElo "1585"]
[WhiteElo "1740"]
[LiveChessVersion "1.4.8"]

1. e4 {[%clk 1:30:56]} d6 {[%clk 1:30:57]} 2. d4 {[%clk 1:31:16]} Nf6
{[%clk 1:31:17]} 3. Nc3 {[%clk 1:31:34]} Nbd7 {[%clk 1:31:36]} 4. Nf3
{[%clk 1:31:37]} e5 {[%clk 1:31:49]} 5. Bc4 {[%clk 1:30:32]} Be7 {[%clk 1:31:57]}
6. Bxf7+ {[%clk 1:23:31]} Kxf7 {[%clk 1:32:21]} 7. Ng5+ {[%clk 1:23:44]} Kg8
{[%clk 1:32:44]} 8. Ne6 {[%clk 1:22:54]} Qe8 {[%clk 1:32:49]} 9. Nxc7
{[%clk 1:22:48]} Qg6 {[%clk 1:33:06]} 10. Nxa8 {[%clk 1:20:41]} Qxg2
{[%clk 1:32:47]} 11. Rf1 {[%clk 1:19:27]} Ng4 {[%clk 1:31:00]} 12. Qe2
{[%clk 1:15:59]} Nxh2 {[%clk 1:26:52]} 13. Qc4+ {[%clk 1:10:44]} d5
{[%clk 1:22:13]} 14. Nxd5 {[%clk 1:08:16]} Qxf1+ {[%clk 1:15:09]} 15. Qxf1
{[%clk 1:08:32]} Nxf1 {[%clk 1:15:36]} 16. Nxe7+ {[%clk 1:06:37]} Kf7
{[%clk 1:15:27]} 17. Nd5 {[%clk 1:05:27]} Nh2 {[%clk 1:13:41]} 18. dxe5
{[%clk 1:02:31]} Nf3+ {[%clk 1:11:36]} 19. Ke2 {[%clk 1:01:02]} Ndxe5
{[%clk 1:08:53]} 20. Nac7 {[%clk 0:59:44]} Nd4+ {[%clk 1:07:14]} 21. Kd2
{[%clk 0:58:01]} h5 {[%clk 0:54:01]} 22. Kc3 {[%clk 0:55:51]} Ne2+
{[%clk 0:51:33]} 23. Kd2 {[%clk 0:54:52]} Nd4 {[%clk 0:50:17]} 24. c3
{[%clk 0:47:57]} Ndf3+ {[%clk 0:49:13]} 25. Ke2 {[%clk 0:45:46]} Ng1+
{[%clk 0:44:03]} 26. Kf1 {[%clk 0:43:43]} Nef3 {[%clk 0:43:46]} 27. Kg2
{[%clk 0:40:06]} h4 {[%clk 0:35:58]} 28. Bf4 {[%clk 0:37:52]} h3+
{[%clk 0:28:58]} 29. Kh1 {[%clk 0:36:25]} h2 {[%clk 0:26:51]} 30. Ne3
{[%clk 0:35:27]} Ne2 {[%clk 0:23:15]} 31. Bg3 {[%clk 0:32:22]} b6
{[%clk 0:20:28]} 32. Nb5 {[%clk 0:29:18]} Kg6 {[%clk 0:16:42]} 33. Nd6
{[%clk 0:26:04]} Ba6 {[%clk 0:14:14]} 34. Ndf5 {[%clk 0:22:57]} Bb7
{[%clk 0:13:42]} 35. Ne7+ {[%clk 0:20:51]} Kf7 {[%clk 0:13:45]} 36. N7d5
{[%clk 0:20:32]} Re8 {[%clk 0:12:39]} 37. Nf5 {[%clk 0:18:14]} Nxg3+
{[%clk 0:10:37]} 38. Nxg3 {[%clk 0:17:14]} Rh8 {[%clk 0:09:14]} 39. Rd1
{[%clk 0:16:18]} Ng1 {[%clk 0:08:01]} 40. Ne3 {[%clk 0:15:16]} Bc8
{[%clk 0:07:21]} 41. Nef5 {[%clk 0:13:59]} Bxf5 {[%clk 0:06:49]} 42. Nxf5
{[%clk 0:14:03]} g6 {[%clk 0:06:46]} 43. Ne3 {[%clk 0:13:44]} Ke6
{[%clk 0:06:17]} 44. Nf1 {[%clk 0:10:10]} Rh4 {[%clk 0:05:16]} 45. Re1
{[%clk 0:09:16]} Ke5 {[%clk 0:04:29]} 46. Ng3 {[%clk 0:08:52]} Nh3
{[%clk 0:04:19]} 47. Re2 {[%clk 0:08:19]} Ng1 {[%clk 0:04:43]} 48. Re3
{[%clk 0:07:36]} Nh3 {[%clk 0:04:35]} 49. Re2 {[%clk 0:06:15]} Ng1
{[%clk 0:04:55]} 50. Rd2 {[%clk 0:05:48]} Nh3 {[%clk 0:04:25]} 51. Kg2
{[%clk 0:04:47]} Nf4+ {[%clk 0:04:08]} 52. Kh1 {[%clk 0:04:49]} Nh3
{[%clk 0:04:30]} 53. Rd5+ {[%clk 0:04:20]} Kf4 {[%clk 0:04:40]} 54. Kg2
{[%clk 0:03:45]} Ng1 {[%clk 0:03:11]} 55. e5 {[%clk 0:02:25]} h1=Q+
{[%clk 0:02:47]} 56. Nxh1 {[%clk 0:02:43]} Nf3 {[%clk 0:03:02]} 57. Ng3
{[%clk 0:02:19]} Rh2+ {[%clk 0:02:52]} 58. Kf1 {[%clk 0:02:44]} Nxe5
{[%clk 0:03:05]} 59. Ne2+ {[%clk 0:02:19]} Ke4 {[%clk 0:02:52]} 60. Rd4+
{[%clk 0:02:37]} Kf5 {[%clk 0:02:48]} 61. Ng3+ {[%clk 0:02:33]} Ke6
{[%clk 0:03:04]} 62. Ke2 {[%clk 0:02:49]} Rh8 {[%clk 0:03:08]} 63. Ne4
{[%clk 0:03:03]} Re8 {[%clk 0:03:05]} 64. Rd6+ {[%clk 0:02:56]} Kf5
{[%clk 0:03:08]} 65. Ng3+ {[%clk 0:02:43]} Kf4 {[%clk 0:03:02]} 66. Rd4+
{[%clk 0:02:38]} Kg5 {[%clk 0:03:04]} 67. f4+ {[%clk 0:02:35]} Kg4
{[%clk 0:03:06]} 68. Ne4 {[%clk 0:02:29]} Nc6 {[%clk 0:03:01]} 69. Rc4
{[%clk 0:01:14]} Kxf4 {[%clk 0:01:46]} 70. Rxc6 {[%clk 0:01:07]} Rxe4+
{[%clk 0:02:11]} 71. Kd3 {[%clk 0:01:20]} Re3+ {[%clk 0:02:22]} 72. Kd2
{[%clk 0:01:19]} Rg3 {[%clk 0:02:32]} 73. b3 {[%clk 0:01:27]} Rg2+
{[%clk 0:02:53]} 74. Kd3 {[%clk 0:01:48]} g5 {[%clk 0:03:04]} 75. c4
{[%clk 0:01:50]} Rxa2 {[%clk 0:03:18]} 76. b4 {[%clk 0:02:05]} g4
{[%clk 0:02:41]} 77. c5 {[%clk 0:02:26]} Ra3+ {[%clk 0:02:40]} 78. Kd2
{[%clk 0:02:29]} Ra2+ {[%clk 0:02:28]} 79. Kd3 {[%clk 0:02:53]} bxc5
{[%clk 0:02:00]} 80. bxc5 {[%clk 0:03:15]} g3 {[%clk 0:02:17]} 81. Rg6
{[%clk 0:03:20]} Kf5 {[%clk 0:02:04]} 82. c6 {[%clk 0:01:52]} Ra3+
{[%clk 0:01:34]} 83. Kd2 {[%clk 0:02:00]} Ra2+ {[%clk 0:01:30]} 84. Kd3
{[%clk 0:02:24]} 1/2-1/2

[Event "EUYCC 2025 - U14"]
[Site "?"]
[Date "2025.08.22"]
[Round "4.6"]
[White "Amvrosiadis, Themistoklis"]
[Black "Hujova, Tess"]
[Result "0-1"]
[BlackElo "1709"]
[WhiteElo "1625"]
[LiveChessVersion "1.4.8"]

1. Nf3 {[%clk 1:30:57]} f5 {[%clk 1:30:54]} 2. c4 {[%clk 1:30:08]} Nf6
{[%clk 1:31:04]} 3. d4 {[%clk 1:29:22]} g6 {[%clk 1:31:14]} 4. Nc3
{[%clk 1:28:35]} Bg7 {[%clk 1:31:12]} 5. g3 {[%clk 1:26:40]} O-O {[%clk 1:31:17]}
6. Bg2 {[%clk 1:24:29]} d6 {[%clk 1:31:28]} 7. O-O {[%clk 1:21:11]} Qe8
{[%clk 1:31:29]} 8. Re1 {[%clk 0:59:53]} Qf7 {[%clk 1:29:00]} 9. d5
{[%clk 0:49:13]} Ne4 {[%clk 1:28:03]} 10. Qc2 {[%clk 0:42:42]} Nxc3
{[%clk 1:26:21]} 11. bxc3 {[%clk 0:43:01]} e5 {[%clk 1:24:19]} 12. Qb3
{[%clk 0:38:59]} Na6 {[%clk 1:19:47]} 13. Ba3 {[%clk 0:36:07]} h6
{[%clk 1:09:14]} 14. e3 {[%clk 0:31:46]} b6 {[%clk 1:04:53]} 15. Qb5
{[%clk 0:28:18]} Nc5 {[%clk 0:59:15]} 16. Bxc5 {[%clk 0:28:08]} bxc5
{[%clk 0:59:35]} 17. Qa5 {[%clk 0:26:12]} e4 {[%clk 0:55:00]} 18. Nd2
{[%clk 0:25:49]} Bd7 {[%clk 0:54:07]} 19. Rab1 {[%clk 0:22:11]} c6
{[%clk 0:48:23]} 20. Bf1 {[%clk 0:17:12]} Kh8 {[%clk 0:44:06]} 21. dxc6
{[%clk 0:13:57]} Bxc6 {[%clk 0:44:22]} 22. Rb3 {[%clk 0:12:43]} g5
{[%clk 0:42:05]} 23. Nb1 {[%clk 0:03:33]} f4 {[%clk 0:40:07]} 24. Rb2
{[%clk 0:03:05]} fxe3 {[%clk 0:37:33]} 25. fxe3 {[%clk 0:01:27]} Be5
{[%clk 0:35:30]} 26. Qa6 {[%clk 0:01:01]} Bd7 {[%clk 0:34:57]} 27. Bg2
{[%clk 0:00:51]} Rab8 {[%clk 0:32:45]} 28. Rd2 {[%clk 0:00:35]} Be6
{[%clk 0:30:47]} 29. Rf1 {[%clk 0:00:33]} Qg7 {[%clk 0:29:11]} 30. Rxf8+
{[%clk 0:00:32]} Rxf8 {[%clk 0:29:40]} 31. Bxe4 {[%clk 0:00:32]} Qf7
{[%clk 0:28:39]} 32. Bg2 {[%clk 0:00:33]} Bxc4 {[%clk 0:28:35]} 33. Qa4
{[%clk 0:00:32]} Bd3 {[%clk 0:26:06]} 34. Qd1 {[%clk 0:00:32]} c4
{[%clk 0:25:45]} 35. Qc1 {[%clk 0:00:32]} Qf6 {[%clk 0:24:46]} 36. a3
{[%clk 0:00:31]} h5 {[%clk 0:23:10]} 37. Qd1 {[%clk 0:00:31]} g4 {[%clk 0:23:03]}
38. Qc1 {[%clk 0:00:32]} h4 {[%clk 0:23:04]} 39. Qd1 {[%clk 0:00:31]} h3
{[%clk 0:23:06]} 40. Qxg4 {[%clk 0:00:31]} Qf1+ {[%clk 0:23:22]} 41. Bxf1
{[%clk 0:00:49]} Rxf1# {[%clk 0:23:46]} 0-1

[Event "EUYCC 2025 - U14"]
[Site "?"]
[Date "2025.08.22"]
[Round "4.7"]
[White "Debowska, Olga"]
[Black "Rzadkowska, Kaja"]
[Result "0-1"]
[BlackElo "1878"]
[WhiteElo "1783"]
[LiveChessVersion "1.4.8"]

1. c4 {[%clk 1:30:59]} e6 {[%clk 1:30:53]} 2. d4 {[%clk 1:31:23]} Nf6
{[%clk 1:31:12]} 3. Nc3 {[%clk 1:31:47]} Bb4 {[%clk 1:31:32]} 4. Bg5
{[%clk 1:31:49]} h6 {[%clk 1:31:11]} 5. Bh4 {[%clk 1:32:13]} d5 {[%clk 1:30:06]}
6. cxd5 {[%clk 1:32:35]} exd5 {[%clk 1:30:29]} 7. Rc1 {[%clk 1:32:52]} g5
{[%clk 1:24:24]} 8. Bg3 {[%clk 1:33:15]} Ne4 {[%clk 1:24:20]} 9. e3
{[%clk 1:32:58]} h5 {[%clk 1:22:39]} 10. f3 {[%clk 1:25:58]} Nxg3
{[%clk 1:20:51]} 11. hxg3 {[%clk 1:26:15]} c6 {[%clk 1:19:20]} 12. Bd3
{[%clk 1:20:39]} Qe7 {[%clk 1:17:30]} 13. Qd2 {[%clk 1:20:22]} Be6
{[%clk 1:12:15]} 14. a3 {[%clk 1:20:00]} Bd6 {[%clk 1:12:24]} 15. Nge2
{[%clk 1:20:13]} Nd7 {[%clk 1:10:34]} 16. Kd1 {[%clk 1:09:22]} O-O-O
{[%clk 0:58:14]} 17. b4 {[%clk 1:05:38]} Kb8 {[%clk 0:55:03]} 18. Na4
{[%clk 0:54:56]} Nf6 {[%clk 0:50:03]} 19. Rb1 {[%clk 0:50:20]} h4
{[%clk 0:40:17]} 20. g4 {[%clk 0:48:06]} Rhe8 {[%clk 0:32:31]} 21. Rb3
{[%clk 0:41:35]} Bc8 {[%clk 0:26:54]} 22. Bc2 {[%clk 0:41:03]} Bxg4
{[%clk 0:25:24]} 23. Nb2 {[%clk 0:26:59]} Bc8 {[%clk 0:22:35]} 24. a4
{[%clk 0:26:37]} g4 {[%clk 0:20:56]} 25. Qe1 {[%clk 0:16:36]} h3 {[%clk 0:18:56]}
26. f4 {[%clk 0:14:15]} Rh8 {[%clk 0:17:14]} 27. g3 {[%clk 0:14:29]} Rde8
{[%clk 0:15:50]} 28. Rh2 {[%clk 0:13:40]} Ng8 {[%clk 0:14:42]} 29. Kc1
{[%clk 0:13:10]} Nh6 {[%clk 0:14:55]} 30. Nd1 {[%clk 0:11:27]} Bf5
{[%clk 0:11:29]} 31. Qc3 {[%clk 0:09:59]} Bxc2 {[%clk 0:11:09]} 32. Kxc2
{[%clk 0:10:16]} Rhg8 {[%clk 0:10:25]} 33. Kd2 {[%clk 0:04:09]} Rg6
{[%clk 0:09:46]} 34. Rf2 {[%clk 0:02:21]} Nf5 {[%clk 0:09:33]} 35. Rh2
{[%clk 0:02:27]} Re6 {[%clk 0:09:20]} 36. b5 {[%clk 0:01:45]} c5 {[%clk 0:06:49]}
37. b6 {[%clk 0:00:46]} a6 {[%clk 0:05:32]} 38. a5 {[%clk 0:00:47]} c4
{[%clk 0:04:49]} 39. Rb2 {[%clk 0:00:45]} Nxe3 {[%clk 0:05:06]} 40. f5
{[%clk 0:00:40]} Nxf5 {[%clk 0:03:48]} 41. Nc1 {[%clk 0:00:36]} Nxg3
{[%clk 0:03:54]} 42. Kc2 {[%clk 0:00:46]} Ne4 {[%clk 0:04:01]} 43. Qe1
{[%clk 0:00:58]} Bxh2 {[%clk 0:04:21]} 44. Qh1 {[%clk 0:01:23]} Bd6
{[%clk 0:04:32]} 45. Ra2 {[%clk 0:01:39]} Nf6 {[%clk 0:04:26]} 46. Nc3
{[%clk 0:01:40]} Re1 {[%clk 0:04:22]} 47. Nxd5 {[%clk 0:01:54]} Rxh1
{[%clk 0:04:03]} 48. Nxe7 {[%clk 0:02:17]} Rh2+ {[%clk 0:04:19]} 49. Kb1
{[%clk 0:02:36]} Rxa2 {[%clk 0:04:44]} 50. Kxa2 {[%clk 0:02:57]} Rxe7
{[%clk 0:05:09]} 51. Kb2 {[%clk 0:03:13]} h2 {[%clk 0:05:34]} 52. Kc2
{[%clk 0:03:35]} h1=Q {[%clk 0:06:00]} 53. d5 {[%clk 0:03:53]} Qe4+
{[%clk 0:06:13]} 54. Nd3 {[%clk 0:04:12]} Qxd3+ {[%clk 0:06:39]} 55. Kc1
{[%clk 0:04:36]} Ba3# {[%clk 0:07:05]} 0-1

[Event "EUYCC 2025 - U14"]
[Site "?"]
[Date "2025.08.22"]
[Round "4.8"]
[White "Belocky, Daniel"]
[Black "Polackova, Eva"]
[Result "1-0"]
[BlackElo "1640"]
[WhiteElo "1683"]
[LiveChessVersion "1.4.8"]

1. d4 {[%clk 1:30:57]} d5 {[%clk 1:30:53]} 2. c4 {[%clk 1:31:15]} dxc4
{[%clk 1:31:11]} 3. e4 {[%clk 1:31:41]} b5 {[%clk 1:30:39]} 4. a4
{[%clk 1:32:06]} c6 {[%clk 1:30:31]} 5. axb5 {[%clk 1:32:32]} cxb5
{[%clk 1:30:46]} 6. Nc3 {[%clk 1:32:57]} Bd7 {[%clk 1:29:21]} 7. d5
{[%clk 1:33:23]} g6 {[%clk 1:23:30]} 8. Qd4 {[%clk 1:33:49]} f6 {[%clk 1:22:32]}
9. Rxa7 {[%clk 1:32:17]} Rxa7 {[%clk 1:21:57]} 10. Qxa7 {[%clk 1:32:40]} Kf7
{[%clk 1:07:08]} 11. Be3 {[%clk 1:30:04]} Qc8 {[%clk 1:01:06]} 12. Qb6
{[%clk 1:28:04]} Qe8 {[%clk 0:58:08]} 13. Bf4 {[%clk 1:28:19]} e5
{[%clk 0:48:53]} 14. dxe6+ {[%clk 1:28:41]} Qxe6 {[%clk 0:48:48]} 15. Qxe6+
{[%clk 1:29:01]} Kxe6 {[%clk 0:49:08]} 16. Bxb8 {[%clk 1:29:21]} Bb4
{[%clk 0:48:20]} 17. Nge2 {[%clk 1:28:31]} Nh6 {[%clk 0:47:54]} 18. Bf4
{[%clk 1:28:24]} Nf7 {[%clk 0:47:52]} 19. f3 {[%clk 1:27:37]} Ra8
{[%clk 0:47:44]} 20. Kf2 {[%clk 1:27:59]} g5 {[%clk 0:47:04]} 21. Be3
{[%clk 1:28:06]} Ne5 {[%clk 0:46:17]} 22. Nd4+ {[%clk 1:27:54]} Kf7
{[%clk 0:45:24]} 23. Ndxb5 {[%clk 1:27:21]} Ra1 {[%clk 0:43:53]} 24. Rg1
{[%clk 1:27:03]} Bxb5 {[%clk 0:42:55]} 25. Nxb5 {[%clk 1:27:24]} Be1+
{[%clk 0:42:28]} 26. Ke2 {[%clk 1:27:49]} Bb4 {[%clk 0:39:13]} 27. Nc3
{[%clk 1:26:19]} Nd3 {[%clk 0:38:55]} 28. Kd2 {[%clk 1:26:09]} Ra2
{[%clk 0:30:29]} 29. Bxd3 {[%clk 1:23:57]} Rxb2+ {[%clk 0:30:47]} 30. Bc2
{[%clk 1:24:18]} Kg7 {[%clk 0:29:23]} 31. Rb1 {[%clk 1:24:23]} 1-0